Un doge infame : sodomia e nonconformismo sessuale a Venezia nel Settecento /
I tiakina i:
| Kaituhi matua: | |
|---|---|
| Hōputu: | Pukapuka |
| Reo: | Itāriana |
| I whakaputaina: |
Venezia :
Marsilio,
2021
|
| Rangatū: | Ricerche
|
| Ngā marau: | |
| Ngā Tūtohu: |
Kāore He Tūtohu, Me noho koe te mea tuatahi ki te tūtohu i tēnei pūkete!
|
MARC
| LEADER | 00000nam a2200000 i 4500 | ||
|---|---|---|---|
| 001 | IT\ICCU\VIA\0448603 | ||
| 003 | ItRI | ||
| 005 | 20260119141213.0 | ||
| 008 | 210414s2021 it |||||| ||||| |||||c | ||
| 015 | |2 IT |a 2021-2015 | ||
| 020 | |a 9788829709939 | ||
| 040 | |b ita |c GP | ||
| 041 | 7 | |a ita |2 ISO-639-2 | |
| 082 | |a 945.3074092 |2 23 | ||
| 100 | 1 | |a Scaramella, Tommaso |0 IT\ICCU\VIAV\164920 |4 aut | |
| 240 | 1 | 3 | |a Un doge infame |9 Scaramella, Tommaso |
| 245 | 1 | 3 | |a Un doge infame : |b sodomia e nonconformismo sessuale a Venezia nel Settecento / |c Tommaso Scaramella. |
| 260 | |a Venezia : |b Marsilio, |c 2021 | ||
| 300 | |a 221 p. ; |c 21 cm | ||
| 650 | 7 | |a Mocenigo, Alvise Sebastiano <1726-1795> |2 nsbncf | |
| 650 | 7 | |a Costumi sessuali |x Venezia <Repubblica> |x Sec. 18. |2 nsbncf | |
| 830 | 0 | |a Ricerche |0 IT\ICCU\CFI\0000388 | |
| 942 | |2 ddc |c BK | ||
| 952 | |0 0 |1 0 |2 ddc |4 0 |6 945_311000000000000_SCA |7 1 |9 1216 |a RM |b RM |d 2024-04-10 |l 0 |o 945 311 SCA |p 780 |r 2024-04-10 18:31:07 |w 2024-04-10 |y BK | ||
| 952 | |0 0 |1 0 |4 0 |6 DOC_945_310000000000000_SCA |7 0 |9 19541 |a BO |b BO |d 2026-01-15 |i 19708 |l 0 |o DOC 945.310 SCA |p BO19708 |r 2026-01-15 23:20:54 |w 2026-01-15 |x [Sebina 5] [1 v.] |y BK |z 1 v. | ||
| 981 | 1 | |6 z01 |a i |b xxxe | |
| 982 | 1 | |6 z01 |a n | |
| 999 | |c 1121 |d 1121 | ||